Que s'est-il passé un 1er mars? - Statistiques

Statistiques générales
  • Ce quiz a été pris 80 fois
  • Le résultat moyen est 8 sur 16
Statistiques - réponses
Année Indice Réponse % Correct
1815 Cet empereur revient France après son exil Napoléon Ier
100%
1919 Le "Mouvement du 1er mars" est l'une des premières manifestations pour l'indépendance de ce pays, alors occupé par le Japon Corée
82%
1565 Les Portugais établissent une colonie au Brésil sur le site de cette ville Rio de Janeiro
81%
1476 La Bataille de Toro oppose les Rois catholiques d'Espagne au roi de ce pays Portugal
71%
2014 Le Conseil de Fédération Russie autorise Poutine d'intervenir militairement dans cette région Crimée
68%
1994 Naissance de ce chanteur pop canadien Justin Bieber
66%
1966 La sonde sovétique Venera-3 se crashe sur cette planète Vénus
63%
86 av. J-C Cité grecque prise par le général romain Sylla Athènes
62%
1872 Création de ce parc national américain Yellowstone
59%
1896 La Bataille d'Adoua voit la défaite de l'Italie face à ce pays africain Éthiopie
56%
1943 Une rafle est organisée dans cette ville en périphérie de Lyon Villeurbanne
42%
1562 Le massacre de Wassy déclenche cette série de 8 conflits meurtriers en France Guerres de Religion
27%
1995 Suppression de la conscription dans ce pays européen Belgique
22%
1973 À Khartoum, l'ambassade de ce pays est attaquée par Septembre Noir Arabie saoudite
12%
1867 Cet état du Midwest américain devient le 37ème état des États-Unis Nebraska
7%
1382 Nom que prend cette révolte populaire à Paris Révolte des Maillotins
1%
Aucun quiz correspondant
Distribution des résultats
% des personnes avec chaque résultat
Percentile par nombre de réponses
Votre historique - résultats
Vous n’avez pas pris ce quiz